000
00302pab a2200133 454500
008
180718b1985 xxu||||| |||| 00| 0 eng d
245
_a
New technology
_b
Rise of the robot
260
_c
1985
300
_a
28-31
362
_a
June
650
_a
Robots
773
_a
Management Services
909
_a
17290
999
_c
17290
_d
17290